[Event "ESP-ch U14"]
[Site "Salobrena"]
[Date "2023.07.21"]
[Round "7"]
[White "Lorente Melcon, Hector"]
[Black "Jimenez Freniche, David"]
[Result "0-1"]
[WhiteElo "1611"]
[BlackElo "1786"]
[PlyCount "88"]
[EventDate "2023.07.17"]
[EventType "swiss"]
[EventRounds "9"]
[EventCountry "ESP"]
[SourceTitle "EXT 2024"]
[Source "ChessBase"]
[SourceDate "2023.10.10"]
[SourceVersion "1"]
[SourceVersionDate "2023.10.10"]
[SourceQuality "1"]

1. e4 e6 2. d4 d5 3. Nd2 dxe4 4. Nxe4 Nd7 5. Nf3 Ngf6 6. Nxf6+ Nxf6 7. c3 c5 8. Bd3 cxd4 9. Nxd4 Bc5 10. Nb3 Bd6 11. Bg5 Qc7 12. Bxf6 gxf6 13. Qf3 Bf4 14. Bb5+ Bd7 15. Bxd7+ Kxd7 16. Rd1+ Ke7 17. g3 Be5 18. 0-0 h5 19. Rd3 h4 20. Rfd1 Rad8 21. Rxd8 Rxd8 22. Rxd8 Kxd8 23. Qh5 hxg3 24. hxg3 Ke7 25. Qf3 Qb6 26. Qd1 Bxg3 27. Qd4 Qxd4 28. Nxd4 Be5 29. Nc2 Kd6 30. Kf1 b5 31. Ke2 f5 32. Kd3 Bg7 33. b3 e5 34. Ne3 e4+ 35. Kd2 Bh6 36. Ke2 Bxe3 37. Kxe3 Ke5 38. a3 f4+ 39. Ke2 a5 40. Kd2 Kd5 41. Ke2 a4 42. c4+ bxc4 43. bxa4 c3 44. a5 f3+ 0-1

[Event "ESP-ch U14"]
[Site "Salobrena"]
[Date "2023.07.20"]
[Round "6"]
[White "Jimenez Freniche, David"]
[Black "Sala Esquiva, Miguel"]
[Result "1-0"]
[WhiteElo "1786"]
[BlackElo "1636"]
[PlyCount "89"]
[EventDate "2023.07.17"]
[EventType "swiss"]
[EventRounds "9"]
[EventCountry "ESP"]
[SourceTitle "EXT 2024"]
[Source "ChessBase"]
[SourceDate "2023.10.10"]
[SourceVersion "1"]
[SourceVersionDate "2023.10.10"]
[SourceQuality "1"]

1. d4 Nf6 2. Nf3 g6 3. c4 Bg7 4. Nc3 0-0 5. e4 d6 6. Be2 e5 7. 0-0 Nc6 8. d5 Ne7 9. Ne1 Nd7 10. f3 f5 11. g4 f4 12. Bd2 g5 13. b4 Ng6 14. Na4 Nf6 15. c5 h5 16. h3 hxg4 17. hxg4 dxc5 18. bxc5 Bxg4 19. fxg4 Nxe4 20. Bc3 f3 21. Rxf3 Rxf3 22. Nxf3 Nxc3 23. Nxc3 e4 24. Nxe4 Bxa1 25. Qxa1 Qe7 26. Nfxg5 Rf8 27. d6 Qe5 28. Bc4+ Kh8 29. Nf7+ Rxf7 30. Qxe5+ Nxe5 31. Bxf7 cxd6 32. Nxd6 Nxg4 33. Nxb7 Ne5 34. Bd5 Nd7 35. c6 Nb6 36. c7 Kg7 37. Be6 Kf6 38. c8Q Nxc8 39. Bxc8 Ke5 40. Kf2 Kd4 41. Bd7 Kc4 42. Bc6 Kb4 43. a4 a5 44. Ke3 Kc4 45. Ke4 1-0

[Event "ESP-ch U12"]
[Site "Salobrena"]
[Date "2022.07.12"]
[Round "3"]
[White "Mellado Sais, Carles"]
[Black "Jimenez Freniche, David"]
[Result "1-0"]
[WhiteElo "1418"]
[BlackElo "1819"]
[PlyCount "84"]
[EventDate "2022.07.04"]
[EventType "swiss"]
[EventRounds "9"]
[EventCountry "ESP"]
[SourceTitle "EXT 2023"]
[Source "ChessBase"]
[SourceDate "2022.10.05"]
[SourceVersion "1"]
[SourceVersionDate "2022.10.05"]
[SourceQuality "1"]

1. d4 e6 2. c4 Nf6 3. Nc3 d5 4. Nf3 Be7 5. Bf4 0-0 6. e3 Nbd7 7. c5 Ne4 8. Nxe4 dxe4 9. Nd2 f5 10. Bc4 Nf6 11. 0-0 Nd5 12. Bg3 b6 13. c6 a5 14. a3 Bd6 15. Bxd6 Qxd6 16. Bb5 Qe7 17. Qe2 Qg5 18. f4 exf3 19. Rxf3 f4 20. Raf1 Nxe3 21. Qxe3 Qxb5 22. Rxf4 Re8 23. Rf7 Ba6 24. Qg3 Qxf1+ 25. Rxf1 Bxf1 26. Nxf1 Rac8 27. Qe5 Re7 28. Ne3 Rd8 29. Nf5 Rf7 30. Ne3 Rd6 31. d5 exd5 32. Nxd5 Rd8 33. h3 Kh8 34. Nxc7 Rd1+ 35. Kh2 Rf8 36. Qe7 Rdf1 37. Ne6 Rg8 38. c7 Rc1 39. Nf8 g5 40. Qe5+ Rg7 41. Ne6 Rcxc7 42. Nxc7 h6 1-0

[Event "ESP-ch U12"]
[Site "Salobrena"]
[Date "2021.07.10"]
[Round "9"]
[White "Jimenez Freniche, David"]
[Black "Sena Casas, Mateo"]
[Result "1-0"]
[WhiteElo "1590"]
[BlackElo "1330"]
[PlyCount "73"]
[EventDate "2021.07.05"]
[EventType "swiss"]
[EventRounds "9"]
[EventCountry "ESP"]
[SourceTitle "EXT 2022"]
[Source "ChessBase"]
[SourceDate "2021.10.06"]
[SourceVersion "1"]
[SourceVersionDate "2021.10.06"]
[SourceQuality "1"]

1. d4 Nf6 2. Nf3 g6 3. g3 Bg7 4. Bg2 d5 5. 0-0 0-0 6. b3 Nbd7 7. Bb2 e6 8. c4 Re8 9. Nc3 b6 10. Qc2 Bb7 11. Rfd1 a6 12. Ne1 Qe7 13. Rab1 c6 14. e4 Rac8 15. Ba3 Qd8 16. e5 Ng4 17. Bc1 f5 18. h4 Nh6 19. Bg5 Qc7 20. Qe2 Nf7 21. Be3 Qd8 22. Qd2 h6 23. Nf3 Bf8 24. Ne2 a5 25. Kh2 Kh7 26. Bh3 Be7 27. Rbc1 Bb4 28. Qc2 Ba6 29. g4 Qe7 30. gxf5 exf5 31. Bxf5 gxf5 32. Qxf5+ Kh8 33. Nf4 Nf8 34. Rg1 Rcd8 35. Qg4 Ng5 36. hxg5 hxg5 37. Nxg5 1-0

[Event "ESP-ch U12"]
[Site "Salobrena"]
[Date "2021.07.09"]
[Round "7"]
[White "Jimenez Freniche, David"]
[Black "Li Chen, Helena Joana"]
[Result "0-1"]
[WhiteElo "1590"]
[BlackElo "1292"]
[PlyCount "116"]
[EventDate "2021.07.05"]
[EventType "swiss"]
[EventRounds "9"]
[EventCountry "ESP"]
[SourceTitle "EXT 2022"]
[Source "ChessBase"]
[SourceDate "2021.10.06"]
[SourceVersion "1"]
[SourceVersionDate "2021.10.06"]
[SourceQuality "1"]

1. d4 d5 2. Nf3 Nf6 3. g3 e6 4. Bg2 Nbd7 5. 0-0 Be7 6. c4 0-0 7. Qc2 c6 8. Nbd2 b6 9. e4 dxe4 10. Nxe4 Bb7 11. Nxf6+ Nxf6 12. Ne5 Qxd4 13. Bxc6 Bxc6 14. Nxc6 Qc5 15. Nxe7+ Qxe7 16. b3 Rfd8 17. Bb2 Rd7 18. Rfd1 Rad8 19. Rxd7 Rxd7 20. Rd1 Rxd1+ 21. Qxd1 Qd7 22. Qf3 Ne8 23. Bc3 f6 24. Kf1 Nd6 25. Qd3 Qc6 26. f3 a5 27. Kg2 e5 28. Qd5+ Qxd5 29. cxd5 Kf7 30. a4 Ke7 31. Kf2 Nb7 32. b4 Kd6 33. bxa5 Nxa5 34. Ke3 Kxd5 35. Kd3 f5 36. g4 g6 37. gxf5 gxf5 38. Bd2 Nb3 39. Be3 Nc5+ 40. Kc3 Nxa4+ 41. Kb4 Nb2 42. Bxb6 Nd3+ 43. Kc3 Ne1 44. h3 Nxf3 45. Kd3 Nd4 46. Ke3 f4+ 47. Kd3 e4+ 48. Kc3 Ne6 49. h4 Ke5 50. Kc4 h5 51. Ba5 Nf8 52. Bd8 Ng6 53. Bg5 Kf5 54. Kc3 Kg4 55. Kd4 e3 56. Kd3 Nxh4 57. Bf6 Nf3 58. Bd4 Nxd4 0-1

[Event "ESP-ch U12"]
[Site "Salobrena"]
[Date "2021.07.08"]
[Round "6"]
[White "Bercaru, Vlad Ionut"]
[Black "Jimenez Freniche, David"]
[Result "1-0"]
[WhiteElo "1792"]
[BlackElo "1590"]
[PlyCount "77"]
[EventDate "2021.07.05"]
[EventType "swiss"]
[EventRounds "9"]
[EventCountry "ESP"]
[SourceTitle "EXT 2022"]
[Source "ChessBase"]
[SourceDate "2021.10.06"]
[SourceVersion "1"]
[SourceVersionDate "2021.10.06"]
[SourceQuality "1"]

1. c4 Nf6 2. Nc3 e5 3. Nf3 Nc6 4. e4 Bb4 5. d3 d6 6. a3 Bc5 7. b4 Bb6 8. Na4 Bd4 9. Nxd4 Nxd4 10. Nc3 c6 11. Bg5 h6 12. Bh4 Be6 13. Ne2 Bg4 14. f3 Bxf3 15. Bxf6 Bxe2 16. Bxe2 Qxf6 17. Bf3 Nxf3+ 18. Qxf3 Qxf3 19. gxf3 0-0 20. Ke2 a5 21. Rhb1 b5 22. Rc1 bxc4 23. Rxc4 axb4 24. Rxb4 Ra6 25. Rb3 Rfa8 26. Kd2 Kf8 27. Ke3 Ke7 28. f4 g6 29. fxe5 dxe5 30. Rc1 Rxa3 31. Rb7+ Kf8 32. Rf1 f5 33. exf5 g5 34. Rh7 Rd8 35. Rh8+ Ke7 36. f6+ Kd7 37. Rxd8+ Kxd8 38. f7 Ke7 39. f8Q+ 1-0

[Event "ESP-ch U12"]
[Site "Salobrena"]
[Date "2021.07.07"]
[Round "4"]
[White "Amado Fernandez, Nicolas"]
[Black "Jimenez Freniche, David"]
[Result "0-1"]
[WhiteElo "1258"]
[BlackElo "1590"]
[PlyCount "119"]
[EventDate "2021.07.05"]
[EventType "swiss"]
[EventRounds "9"]
[EventCountry "ESP"]
[SourceTitle "EXT 2022"]
[Source "ChessBase"]
[SourceDate "2021.10.06"]
[SourceVersion "1"]
[SourceVersionDate "2021.10.06"]
[SourceQuality "1"]

1. e4 e6 2. d4 d5 3. e5 c5 4. c3 Nc6 5. Nf3 Qb6 6. a3 Nge7 7. b4 cxd4 8. cxd4 Nf5 9. Bb2 Bd7 10. Be2 Be7 11. 0-0 0-0 12. b5 a6 13. Bd3 axb5 14. Bxf5 exf5 15. Nc3 Be6 16. Qb3 Nxd4 17. Nxd4 Qxd4 18. Nxb5 Qb6 19. Bd4 Bc5 20. Bxc5 Qxc5 21. Rfc1 Qb6 22. Qd3 Rfc8 23. Nd6 Rxc1+ 24. Rxc1 Qb2 25. Rb1 Qxe5 26. Nxb7 Qe4 27. Qxe4 dxe4 28. Ra1 Ra4 29. Nc5 Ra5 30. Nxe6 fxe6 31. Kf1 g5 32. Ke2 Ra4 33. Kd2 Kf7 34. Kc3 Kf6 35. Kb3 Ra8 36. Rc1 h5 37. a4 Rb8+ 38. Ka3 f4 39. a5 Ke5 40. Ka4 e3 41. a6 Ke4 42. fxe3 fxe3 43. Ka5 e2 44. a7 Ra8 45. Kb6 Kd3 46. Kb7 Rxa7+ 47. Kxa7 Kd2 48. Ra1 e1Q 49. Rxe1 Kxe1 50. Kb6 Kf2 51. Kc6 Kxg2 52. Kd6 Kxh2 53. Kxe6 g4 54. Kf5 g3 55. Kg5 g2 56. Kxh5 g1Q 57. Kh4 Qg8 58. Kh5 Kg3 59. Kh6 Kf4 60. Kh5 0-1

[Event "ESP-ch U10"]
[Site "Salobrena"]
[Date "2020.07.24"]
[Round "7"]
[White "Jimenez Freniche, David"]
[Black "Aleksanyan, Arame"]
[Result "1-0"]
[WhiteElo "1564"]
[BlackElo "1243"]
[PlyCount "75"]
[EventDate "2020.07.20"]
[EventType "swiss"]
[EventRounds "9"]
[EventCountry "ESP"]
[SourceTitle "EXT 2021"]
[Source "ChessBase"]
[SourceDate "2020.10.23"]
[SourceVersion "1"]
[SourceVersionDate "2020.10.23"]
[SourceQuality "1"]

1. d4 d5 2. Nf3 c6 3. c4 e6 4. cxd5 exd5 5. Nc3 f5 6. Bf4 Nf6 7. e3 Bd6 8. Bxd6 Qxd6 9. Be2 Nbd7 10. 0-0 0-0 11. a3 Ne4 12. Qc2 a6 13. b4 b5 14. Na2 Nb6 15. Ne5 Nc4 16. Bxc4 bxc4 17. Nc3 Bb7 18. Na4 Rad8 19. Nc5 Nxc5 20. bxc5 Qc7 21. Rab1 Rb8 22. Rb6 f4 23. Rfb1 fxe3 24. fxe3 Rfe8 25. Qb2 Re7 26. Nxc6 Bxc6 27. Rxb8+ Kf7 28. Qf2+ Kg6 29. Rf8 Bd7 30. Rb6+ Re6 31. Qf5+ Kh6 32. Qh3+ Kg6 33. Qg4+ Kh6 34. Qh4+ Kg6 35. g4 h6 36. Qh5+ Kh7 37. Qf5+ g6 38. Qf7# 1-0